L´etre et le neant

Guardat en:
Dades bibliogràfiques
Autor principal: Sartre, Jean Paul
Format: Llibre
Idioma:Undetermined
Publicat: París, Francia Gallimard 1945
Matèries:
Etiquetes: Afegir etiqueta
Sense etiquetes, Sigues el primer a etiquetar aquest registre!

MARC

LEADER 00000nam a2200000Ia 4500
008 170316s9999 xx 000 0 und d
090 |a 100 S-15et 
100 |a Sartre, Jean Paul 
245 |a L´etre et le neant 
260 |a París, Francia 
260 |b Gallimard 
260 |c 1945 
300 |a 691 páginas 
650 |a FILOSOFÍA 
999 |c 17539  |d 17539 
040 |a cru BVZT 
942 |c 15 D  |h 100 S-15et  |2 z